000 00288nam a22001337a 4500
008 170922b xxu||||| |||| 00| 0 eng d
020 _a9780767423052
041 _aeng
080 _a902
100 _a45
101 _aARK
245 _aBACK TO THE EARTH
_cSTAECK, J.P
942 _2udc
_cBK
999 _c28894
_d28894